L'évolution du droit criminel contemporain

保存先:
書誌詳細
フォーマット: 図書
言語:フランス語
出版事項: París Presses Universitaires de France 1968
主題:
タグ: タグ追加
タグなし, このレコードへの初めてのタグを付けませんか!

MARC

LEADER 00000nam a2200000 a 4500
001 UCS0154
003 CL-VaPUC
008 970418e19680000FR |||||||||||||||||fre|d
082 0 4 |a 345  |b LEV  |2 21 
245 1 2 |a L'évolution du droit criminel contemporain 
300 |a 218 p 
942 |c BK 
945 |d 19970418 00:00:00  |a paguirre 
260 |a París  |b Presses Universitaires de France  |c 1968 
500 |a Recueil d'études à la mémoire de Jean Lebret 
650 7 |a DERECHO PENAL  |2 CL-VaPUC  |9 11 
650 7 |a DELINCUENTES  |2 CL-VaPUC  |9 315465 
650 7 |a CRIMINALES  |2 CL-VaPUC  |9 322996 
650 0 |a Delitos  |9 224143 
650 0 |a Penas   |9 255927 
650 0 |a Jurisprudencia  |9 255952 
650 0 |a Teoría del derecho  |9 255982 
651 0 |a Francia  |9 255157 
651 0 |a Italia  |9 254949 
583 |a last modification  |c 19970418 00:00:00  |k Rodrigo Vera 
999 |c 258397  |d 258395 
952 |0 0  |1 0  |4 0  |6 345_000000000000000_LEV_1968  |7 0  |8 A  |9 282461  |a BIBDER  |b BIBDER  |d 2019-11-19  |i 183102K  |o 345 LEV 1968  |p 183102K  |r 2023-01-25  |w 2019-11-19  |y BK  |k DER